| 000 | 00963nam a2200289 i 4500 | ||
|---|---|---|---|
| 003 | EG-GICUC | ||
| 005 | 20260121101408.0 | ||
| 008 | 251130s1880 enk||||fr|||| 00| 0 eng d | ||
| 040 |
_aEG-GiCUC _beng _cEG-GiCUC _dEG-GiCUC _erda |
||
| 041 | 0 | _aeng | |
| 082 | 0 | 4 |
_221 _a343.1 _bFA . C |
| 092 | 0 | 4 | _221 |
| 099 | _aLaw1 10 343.1 FA . C 1880 | ||
| 100 | 1 |
_aFarrer, James Anson _eAuthor. |
|
| 245 | 1 | 0 |
_aCrimes And Punishments : _bIncluding A New Translation of BECCARIA'S DEI DELITTI E DELLA PENE / _cBy James Anson Farrer. |
| 264 | 1 |
_aLondon : _bCHATTO & WINDUS, PICCADILLY, _c1880. |
|
| 300 |
_a251 pages ; _c20 cm. |
||
| 336 |
_2rda content _atext |
||
| 337 |
_2rda media _aComputer |
||
| 338 |
_2rda carrier _aOnline Resource |
||
| 504 | _aIncludes bibliographical references. | ||
| 546 | _aText in English | ||
| 650 | 1 | 4 | _aCriminal Law |
| 856 | 4 | 0 | _uhttps://fll.law.cu.edu.eg/fulltext/bks/B10-01163.pdf |
| 905 |
_a33 _eHassnaa |
||
| 942 |
_2ddc _cBK _e21 _n0 |
||
| 999 |
_c47484 _d47484 |
||